Normal view
MARC view
Entry Topical Term
001 - CONTROL NUMBER
- control field: 40597
003 - CONTROL NUMBER IDENTIFIER
- control field: ARRUPE
005 - DATE AND TIME OF LATEST TRANSACTION
- control field: 20180314144654.0
008 - FIXED-LENGTH DATA ELEMENTS
- fixed length control field: 180314|| aca||aabn | a|a d
040 ## - CATALOGING SOURCE
- Original cataloging agency: ARRUPE
- Transcribing agency: ARRUPE
150 ## - HEADING--TOPICAL TERM
- Topical term or geographic name as entry element: Phenomenology.
670 ## - SOURCE DATA FOUND
- Source citation: Work cat.: (ARRUPE)0: Romdenh-Romluc, Komarine. 40595, Routledge philosophy guidebook to Merleau-Ponty and phenomenology of perception /, 2011.